=LDR 00000nam 2200000 4500 =001 INLIS000000000054380 =990 ##$$a 61900840 =990 ##$$a 61900843 =990 ##$$a 61900842 =990 ##$$a 61900841 =005 20200123091047 =990 ##$$a 61900843 =990 ##$$a 61900842 =990 ##$$a 61900843 =990 ##$$a 61900843 =035 ##$$a 0010-0120000158 =990 ##$$a 61900842 =990 ##$$a 61900841 =990 ##$$a 61900841 =990 ##$$a 61900842 =007 ta =990 ##$$a 61900841 =990 ##$$a 61900840 =990 ##$$a 61900840 =990 ##$$a 61900840 =008 200123###########################0#ind## =020 ##$$a 978-602-52381-6-1 =082 ##$$a 297.122 =084 ##$$a 297.122 ABD n =100 #$$a Abdurrohman Al-Asy'ari =245 1#$$a Nlp fon tahfiz al-quran /$c Abdurrohman Al-Asy'ari =260 ##$$a Wonosobo :$b Siti Djaya,$c 2018 =300 ##$$a xviii, 206 hlm. : $b ilus. ; $c 20 Cm. =504 ##$$a Bib : hlm 101-106 =600 #4$$a Al-qur'an =990 ##$$a 06380638 =990 ##$$a 06380638 =990 ##$$a 06380638 =990 ##$$a 06380638 =990 ##$$a 61900840 =990 ##$$a 6202000638 =990 ##$$a 6202000639 =990 ##$$a 6202000640 =990 ##$$a 61900841 =990 ##$$a 6202000638 =990 ##$$a 6202000639 =990 ##$$a 61900840 =990 ##$$a 61900842 =990 ##$$a 6202000638 =990 ##$$a 61900841 =990 ##$$a 61900840 =990 ##$$a 61900843 =990 ##$$a 61900842 =990 ##$$a 61900841 =990 ##$$a 61900840